Carlos V y el pensamiento político del renacimiento
Zapisane w:
| 1. autor: | |
|---|---|
| Format: | Książka |
| Język: | hiszpański |
| Wydane: |
Madrid, España
Instituto de Estudios Políticos
1960
|
| Hasła przedmiotowe: | |
| Etykiety: |
Dodaj etykietę
Nie ma etykietki, Dołącz pierwszą etykiete!
|
MARC
| LEADER | 00000nam a2200000 a 4500 | ||
|---|---|---|---|
| 001 | UCP9977 | ||
| 003 | CL-VaPUC | ||
| 005 | 20211210074339.0 | ||
| 008 | 000407e19600000SP |||||||||||||||||spa|d | ||
| 999 | |c 286757 |d 286755 | ||
| 040 | |c Pontificia Universidad Católica de Valparaíso | ||
| 082 | 0 | 4 | |a 946.042 MAR 1960 |2 21 |
| 100 | |a Maravall, José Antonio |e autor |9 527688 | ||
| 245 | 1 | 0 | |a Carlos V y el pensamiento político del renacimiento |
| 260 | |a Madrid, España |b Instituto de Estudios Políticos |c 1960 | ||
| 300 | |a 332 páginas | ||
| 583 | |a last modification |c 20160913 03:59:12 |k Rodrigo Vera | ||
| 600 | 0 | 7 | |a CARLOS V |2 CL-VaPUC |9 349626 |z ESPAÑA |
| 650 | 7 | |a HISTORIA DE ESPAÑA |2 CL-VaPUC |9 318547 |y SIGLO 16 | |
| 650 | 0 | |a Renacimiento |z ESPAÑA |9 255107 | |
| 650 | 7 | |a FILOSOFIA POLITICA |2 CL-VaPUC |9 440982 |z ESPAÑA | |
| 852 | |a BIBCUR | ||
| 942 | |c BK |2 ddc | ||
| 945 | |d 20000407 00:00:00 |a rherrera | ||
| 952 | |0 0 |1 0 |2 ddc |4 0 |6 946_042000000000000_MAR_1960 |7 0 |8 A |9 332877 |a BIBHIS |b BIBHIS |d 2019-11-20 |i 1263846 |l 1 |o 946.042 MAR 1960 |p 1263846 |r 2025-01-20 |s 2024-12-04 |t 1 |w 2019-11-20 |y BK |k HIS | ||